000 00678nam a22002055i 4500
001 48176
003 ES-MaACL
005 20251005063041.0
007 t|
008 950706s1889 fr ||||1| fre d
040 _aCAM
_bspa
_cCAM
100 1 _aChasles, Michel,
_d1793-1880
_938155
245 1 0 _aAperçu historique sur l'origine et développement des méthodes en géometrie... /
_cpar M. Chasles.
250 _aTroisiéme édition, conforme a la premiére.
260 _aParis :
_bGaultier, Villars et fils,
_c1889.
300 _a[4], II, 851 p. ;
_c29 cm.
650 4 _aGeometría-
_xHistoria.
_9143639
852 _aES-MaACL
_jG-5795
999 _c48176
_d48176